000 00403nam a2200157 4500
001 14270
005 20230410143314.0
008 060907n1996 dr spa
035 _9funglode14392
041 _aES
050 1 4 _aRSN
245 0 _a100 Dias :
_bde trabajo y de servicios para el pueblo
260 _aSanto Domingo :
_bimp Alfa y Omega,
_c1996
300 _a144 p.
942 _2lcc
_cbk
999 _c99197
_d99197